Responses for Show #1837 - Tuesday, September 8, 1992

Contestants

[<< previous game]

Matt Fels, an advertising executive from Fort Worth, Texas

Elaine Cooper, an admissions director from Bedminster, New Jersey

Garry Weischedel, a physician from Bedford, New Hampshire (whose 1-day cash winnings total $19,700)

[next game >>]

Jeopardy! Round responses

THE BIBLE
TV NOSTALGIA
ALL ABOUT TEETH
STATE SYMBOLS
STARTS WITH "J"
PRESIDENTIAL MOMS
    $100 1
the Greek alphabet

Elaine
    $100 11
Cartwright

Matt
    $100 21
your eye teeth

Matt
    $100 15
New Mexico

Elaine
    $100 6
Johnny

Garry
    $100 26
FDR

Garry
    $200 2
blood

Elaine
    $200 12
Gumby

Matt
    $200 22
tooth-and-nail

Matt
    $200 16
Alaska

Elaine
    $200 7
a jingle

Elaine
    $200 27
(Abraham) Lincoln

Garry
    $300 3
Paul

Garry
    $300 13
(Elaine: What is Flipper?)

Sea Hunt

GarryElaine
    $300 23
orthodontics

Matt
    $300 17
the bear

Garry
    $300 8
junk

Matt
    $300 28
(Garry: Who is Adams?)
(Alex: Be more specific.)
(Garry: Uh, John Adams?)
(Alex: Be more--wrong.)

John Quincy Adams

GarryMatt
    $400 4
Deuteronomy

Garry
    $400 14
Clarabell

Elaine
    $400 24
the molars

Garry
    $400 18
(Elaine: What is the, uh... Tyrannosaurus Rex?)

the Stegosaurus

GarryElaine
    $400 9
a jester

Matt
    $400 29
(Elaine: ...I'm sorry.)

(George) Bush

GarryElaine
    $700 5
(Garry: What is a ruby?)
(Alex: Ohh, sorry. You picked the wrong one. What is [*], [*] of great price.)

a pearl

Garry
    $500 20
Car 54, Where Are You?

Matt
    $500 25
the incisor

Matt
    $500 19
the praying mantis

Matt
    $500 10
a jellyfish

Matt
    $500 30
Jimmy Carter

Matt

Scores at the first commercial break (after clue 14):

Garry Elaine Matt
$400 $600 $1,500

Scores at the end of the Jeopardy! Round:

Garry Elaine Matt
$1,900 $100 $4,400

Double Jeopardy! Round responses

THE AMERICAN REVOLUTION
PEOPLE
WORLD FACTS
BALLET
ROYALTY
FICTIONAL CHARACTERS
    $200 13
Betsy Ross

Elaine
    $200 20
Jimmy Hoffa

Matt
    $200 4
Antarctica

Garry
    $200 26
(Garry: What is "Aftertoo-noon of the Faun"?)
(Alex: Yes. "Of a Faun".)

Afternoon of a Faun

Garry
    $200 1
(Matt: Who is Princess Caroline?)

Princess Stephanie (of Monaco)

ElaineMatt
    $200 3
Nemo

Garry
    $400 14
John Hancock

Matt
    $400 21
(Elaine: Who is Ueberroth?)

Fay (Vincent)

GarryElaine
    $400 5
Fatima

Elaine
    $400 27
the corps de ballet

Garry
    $400 2
(Garry: What is Denmark?)

Norway

GarryMatt
    $400 9
Perry Mason

Garry
    $600 15
Common Sense

Garry
    $600 22
(Garry: Who is Piaget?)

(Alfred) Binet

GarryElaine
    $600 24
the Galápagos

Garry
    $5,000 28
(Garry: What is Swan Lake?)
(Alex: Oh, sorry. You picked the wrong one of Tchaikovsky's ballets.)

The Sleeping Beauty

Garry
    $600 6
Alexander

Elaine
    $600 10
Hiawatha

Garry
    $800 16
France

Elaine
    $800 18
Socrates

Elaine
    $800 25
the United Arab Emirates

Matt
    $800 29
Aaron Copland

Elaine
    $800 7
Maria Theresa

Garry
    $800 11
Figaro

Elaine
    $1000 17
the Committees of Correspondence

Elaine
    $1000 19
(John Kenneth) Galbraith

Matt
    $1000 23
the Philippines

Matt
    $1000 30
(Elaine: [Exhales] What is Swan Lake?)
...
(Alex: Elaine, I believe you misunderstood the clue. We were going for the weapon. The weapon was [*].)

a sword

Elaine
Triple Stumper
    $1000 8
the Decameron

Matt
    $2,000 12
(Elaine: Uh, I know it as well as I know my own name. Um, oh!...)
(Alex: Hurry.)
(Elaine: What is...)
(Alex: Say something.)
[beep]
(Elaine: Oh!)
(Alex: Sorry, Elaine. We're going to have to call time on you.)

The Prisoner of Zenda

Elaine

Scores at the end of the Double Jeopardy! Round:

Garry Elaine Matt
$300 $2,900 $9,000
(lock game)

[wagering suggestions for these scores]

Final Jeopardy! Round responses

FAMOUS SCIENTISTS
(Alex: [To Garry] What had you written down?)
(Garry: Oh, uh, my college roommate's name.)
GarryWho is Dan Wellers Einstein?
$0
ElaineWho is Goddard
$0
MattWho was Goddard?
$2,000
Robert Goddard

Final scores:

Garry Elaine Matt
$300 $2,900 $11,000
3rd place: a Mead telescope + Jeopardy! '92 home game 2nd place: a Keller Colonial Heirloom oak dining room set + a Quoizel 6-leg candelabra chandelier + Jeopardy! '92 home game New champion: $11,000 + Jeopardy! '92 home game

Game dynamics:

Coryat scores:

Garry Elaine Matt
$6,000 $4,900 $9,000
20 R,
5 W
(including 2 DDs)
16 R,
6 W
(including 1 DD)
20 R,
1 W

Combined Coryat: $19,900

[game clues] [game scores] [suggest correction]

Game tape date: 1992-07-20
The J! Archive is created by fans, for fans. Scraping, republication, monetization, and malicious use prohibited; this site may use cookies and collect identifying information. See terms. The Jeopardy! game show and all elements thereof, including but not limited to copyright and trademark thereto, are the property of Jeopardy Productions, Inc. and are protected under law. This website is not affiliated with, sponsored by, or operated by Jeopardy Productions, Inc. Join the discussion at JBoard.tv.